Guess Pokémon Types by Picture - Statistics

General Stats
  • This quiz has been taken 60 times
  • The average score is 8 of 18
Answer Stats
Question Answer % Correct
Normal
90%
Psychic
75%
Fighting
70%
Steel
60%
Ice
55%
Water
55%
Fire
50%
Poison
45%
Rock
45%
Electric
40%
Flying
40%
Ground
40%
Dragon
35%
Ghost
35%
Dark
30%
Fairy
30%
Grass
25%
Bug
20%
No matching quizzes found
Score Distribution
Percent of People with Each Score
Percentile by Number Answered
Your Score History
You have not taken this quiz